Soccer player and manager nicknames - Statistics

General Stats
  • This quiz has been taken 4,703 times
    4,697 since last reset
  • The average score is 6 of 15
Answer Stats
Hint Answer % Correct
CR7 Cristiano Ronaldo
96%
Zizou Zidane Zidane
81%
The Special One Jose Mourinho
75%
Atomic Flea Lionel Messi
74%
El Nino Fernando Torres
68%
The Welsh Wizard Ryan Giggs
57%
The Cannibal of Ajax Luis Suarez
37%
Ginger ninja Paul Scholes
35%
Captin Fantastic Steven Gerrard
27%
Little Mozart Thomas Rosicky
9%
Tito Didier Drogba
5%
The Matriz Marco Materazzi
5%
Deuce Clint Dempsey
4%
The Magic Dwarf Philipp Lahm
4%
The Buffalo Michael Essien
2%
No matching quizzes found
Score Distribution
Percent of People with Each Score
Percentile by Number Answered
Your Score History
You have not taken this quiz since the last reset